000 01172nam a2200337 i 4500
001 19366
003 KOSZ 005
005 20240405063027.0
008 980916s1980 pl f e |000 0 pol d
015 _aPB 1980/9037
020 _a8322100361
035 _a(OCoLC)835740034
040 _aWA N
_cWA N
_dKOSZ 005/EG
041 _apol
046 _k1980
080 _a792
080 _a(03)
100 1 _aSemil, Małgorzata.
_eAutor
245 1 0 _aSłownik współczesnego teatru :
_btwórcy, teatry, teorie /
_cMałgorzata Semil, Elżbieta Wysińska ; [wstęp Jan Paweł Gawlik].
260 _aWarszawa :
_bWydawnictwa Artystyczne i Filmowe,
_c1980.
300 _a[10], 423, [2] s., [16] k. il. ;
_c22 cm.
380 _aKsiążki.
655 4 _aEncyklopedia
648 4 _a1901-2000
650 4 _aTeatr
700 1 _aWysińska, Elżbieta
_d(1934-2014).
_eAutor
700 1 _aGawlik, Jan Paweł
_d(1924-2017).
_ePrzedmowa
710 2 _aWydawnictwa Artystyczne i Filmowe
_4pbl.
856 _uhttp://koha.tu.koszalin.pl/cgi-bin/koha/opac-detail.pl?biblionumber=19366
_yKatalog online BPK
942 _2UKD
_cKS
999 _c19366
_d19366